[Event "tht Extraliga 16/17,Duras Brno-Tatran Litovel"]
[Site "Brno"]
[Date "2017.04.02"]
[Round "11.5"]
[White "Blahynka, Martin"]
[Black "Straka, Vojtech"]
[WhiteElo "2414"]
[BlackElo "2342"]
[Result "1/2-1/2"]

1. d4  Nf6  2. c4  c5
3. d5  e6  4. Nc3
exd5  5. cxd5  d6
6. e4  g6  7. Bd3
Bg7  8. h3  O-O
9. Nf3  Nh5  10. O-O  Nd7
11. Bg5  Bf6  12. Bh6
Bg7  13. Bg5  Bf6
14. Be3  Re8  15. Qc2
a6  16. a4  Rb8
17. Be2  Qe7  18. Nd2  Ng7
19. Nc4  Ne5  20. Nd2
Nd7  21. Rad1  Bd4
22. Nc4  Bxe3  23. Nxe3
Nf6  24. Bf3  b5
25. Rfe1  Bd7  26. axb5
axb5  27. b3  Ra8
28. Kh2  Ra3  29. g3
Qe5  30. Bg2  g5
31. Nb1  Ra7  32. Nd2
g4  33. f4  gxf3
34. Nxf3  Qxe4  35. Qb2
Qg6  36. Nh4  Qg5
37. Nf3  Qh6  38. Nf1
Rea8  39. Ra1  Rxa1
40. Rxa1  Rxa1  41. Qxa1
Nge8  42. Qa8  Qh5
43. Nh4  Qe5  44. Qb7
Qc3  45. g4  Qe5+
46. Kh1  Qf4  47. Nf3
h6  48. N3d2  b4
49. Nc4  h5  50. gxh5
Bf5  51. Qe7  Be4
52. Nce3  Ng7  53. h6
Ngh5  54. Qd8+  Kh7
55. Qf8  Bxg2+  56. Kxg2
Ne4  57. Ng4  Ng5
58. Nf2  Ne4  59. Nxe4 Qxe4+
60. Kf2  Qxd5  61. Ne3
Qd4  62. Qxf7+  Kxh6
63. Qf8+  Kh7  64. Qf5+
Kh6  65. Qf8+  Kh7
66. Qf5+  Kh6  1/2-1/2

[Event "tht Extraliga 16/17,Duras Brno-Tatran Litovel"]
[Site "Brno"]
[Date "2017.04.02"]
[Round "11.6"]
[White "Cifka, Stanislav"]
[Black "Roubalik, Jakub"]
[WhiteElo "2411"]
[BlackElo "2397"]
[Result "1/2-1/2"]

1. Nf3  d5  2. e3  Nf6
3. c4  c6  4. Nc3
e6  5. b3  Nbd7
6. Bb2  Bd6  7. Qc2  O-O
8. Rg1  e5  9. cxd5
cxd5  10. Nb5  Bb8
11. Rc1  e4  12. Nfd4
Bxh2  13. Rh1  Be5
14. f4  exf3  15. gxf3
a6  16. Nc7  Bxc7
17. Qxc7  Qxc7  18. Rxc7
Ne5  19. Kf2  Re8
20. Be2  b5  21. Rhc1
Bd7  22. R1c5  h5
23. Nc2  Bf5  24. Nb4
Ned7  25. Rc1  Ne5
26. R1c5  Ned7  27. R5c6
a5  28. Nd3  b4
29. Rc1  Reb8  30. Nf4  a4
31. Bd1  a3  32. Bd4
g5  33. Ne2  Ne8
34. R7c6  Ng7  35. f4
Ne6  36. fxg5  Nxd4
37. Nxd4  Bg6  38. Nf3
Re8  39. d4  Re6
40. Rc7  Re7  41. Be2
Rae8  42. Bb5  Bf5
43. Bxd7  Rxd7  44. Rxd7
Bxd7  45. Ne5  Bf5
46. Nc6  Kg7  47. Nxb4
Be4  48. Kg3  Kg6
49. Kh4  Bf3  50. Nd3
Rxe3  51. Ne5+  Kg7
52. Rc7  Re4+  53. Kg3
Bd1  54. Rxf7+  Kg8
55. Ra7  Rxd4  56. Rxa3
Re4  57. Ra8+  Kg7
58. Ra7+  Kg8  59. Ra8+
Kg7  60. Ra7+  Kg8
61. Nd7  h4+  62. Kh2
Re2+  63. Kh3  Kf7
64. Kxh4  Re4+  65. Kg3
Rg4+  66. Kf2  Rxg5
67. Nc5+  Kf6  68. Ke3
Ke5  69. Nd3+  Kd6
70. Ra6+  Kc7  71. Nb4
Rg3+  72. Kd4  Bxb3
73. axb3  Rxb3  74. Nxd5+
Kb7  75. Rh6  Rb1
76. Ke5  Re1+  77. Kd6
Rd1  78. Rh2  Ka6
79. Rb2  Ka7  80. Rb3
Rh1  81. Kc6  Rh6+
82. Kc5  Rh5  83. Rf3
Kb7  84. Rf7+  Ka6
85. Rg7  Re5  86. Rg2
Rh5  87. Rg6+  Kb7
88. Rg7+  Kb8  89. Rf7
Rh1  90. Nb4  Rc1+
91. Kb6  Kc8  92. Nd3
Rd1  93. Nc5  Kd8
94. Kc6  Ke8  95. Ra7
Rd2  96. Ne4  Rd1
97. Nf6+  Kf8  98. Nd5
Rf1  99. Kd6  Rf6+
100. Ke5  Rf1  101. Nf4
Re1+  102. Kf6  Ke8
103. Nd3  Rf1+  104. Ke6
Kf8  105. Rb7  Kg8
106. Ne5  Re1  107. Rb2
Rg1  108. Rb7  Re1
109. Rd7  Re2  110. Rd1
Rg2  111. Rf1  Kg7
112. Rf7+  Kg8  113. Ke7
Rg7  1/2-1/2

[Event "tht Extraliga 16/17,Duras Brno-Tatran Litovel"]
[Site "Brno"]
[Date "2017.04.02"]
[Round "11.7"]
[White "Vyskocil, Neklan"]
[Black "Hollan, Petr"]
[WhiteElo "2334"]
[BlackElo "2329"]
[Result "0-1"]

1. d4 Nf6 2. c4 e6 3. Nf3 Bb4+ 4. Bd2 a5 5. g3 O-O 6. Bg2 b6 7. O-O Ba6 8. Ne5 c6
9. Qc2 d5 10. Bxb4 axb4 11. cxd5 cxd5 12. Rc1 Qe7 13. Bf1 Nfd7 14. Nxd7 Nxd7 15.
Nd2 Rfc8 16. Qb3 Qd6 17. e3 Bxf1 18. Kxf1 e5 19. Nf3 exd4 20. exd4 h6 21. Kg2 Nf6
22. Ne5 Qe6 23. Re1 Qf5 24. Re2 Ne4 25. Qxd5 Ng5 26. Qd7 Ne6 27. d5 Rc7 28. dxe6
Rxd7 29. exd7 Rd8 30. Rc1 Kh7 31. g4 Qe6 32. Kf1 f6 33. Nc6 Qd5 34. Ke1 0-1

[Event "tht Extraliga 16/17,Duras Brno-Tatran Litovel"]
[Site "Brno"]
[Date "2017.04.02"]
[Round "11.8"]
[White "Belunek, Vladimir"]
[Black "Chytilek, Roman"]
[WhiteElo "2248"]
[BlackElo "2330"]
[Result "0-1"]

1. d4  Nf6  2. c4  g6
3. Nc3  Bg7  4. e4
d6  5. f3  O-O
6. Be3  a6  7. Qd2  c6
8. a4  Nbd7  9. Bd3
c5  10. Nge2  cxd4
11. Nxd4  Ne5  12. Be2
e6  13. Rd1  Qc7
14. b3  b6  15. O-O
Bb7  16. Rc1  Rad8
17. Rfd1  Rfe8  18. Kh1
Bf8  19. Bg1  Be7
20. Na2  Ned7  21. b4
Qb8  22. Nb3  Bc6
23. b5  axb5  24. cxb5
Ba8  25. a5  d5
26. exd5  Bxd5  27. Qb2  bxa5
28. Nxa5  Qa8  29. Nc4
Rb8  30. Rc2  Rec8
31. Ra1  Qa4  32. Nc3
Qb4  33. Nxd5  Nxd5
34. Rb1  Rxb5  35. Nd6
Rxc2  36. Qxc2  Qxb1
37. Qc8+  Kg7  38. Bxb5
Bxd6  39. Bxd7  Bf4
0-1

[Event "tht Extraliga 16/17,Lysa nad Labem A-Unichess"]
[Site "Brno"]
[Date "2017.04.02"]
[Round "11.1"]
[White "Ponomariov, Ruslan"]
[Black "Michalik, Peter"]
[WhiteElo "2709"]
[BlackElo "2564"]
[Result "1-0"]

1. e4  e5  2. Nf3  Nc6
3. Bb5  a6  4. Ba4
Nf6  5. O-O  Be7
6. d3  b5  7. Bb3
d6  8. a4  Bd7
9. c3  O-O  10. Bc2  b4
11. Nbd2  d5  12. d4
Bg4  13. h3  Bh5
14. g4  bxc3  15. bxc3
Bg6  16. Nxe5  Nxe5
17. dxe5  Nxe4  18. Nxe4
dxe4  19. Be3  Re8
20. Rb1  Bg5  21. Qxd8
Bxd8  22. Rfd1  Rxe5
23. Rb7  Bg5  24. Rxc7
Bxe3  25. fxe3  h5
26. Kf2  Rb8  27. Kg3
Kh7  28. Rd6  a5
29. Kf4  Rbe8  30. c4
h4  31. c5  Kh8
32. Rd8  f6  33. Rxe8+  Bxe8
34. Bxe4  g5+  35. Kf3
Bxa4  36. c6  Bd1+
37. Kf2  Rxe4  38. Rd7
Rc4  39. c7  Bb3
40. Rd8+  Kg7  41. c8=Q
Rxc8  42. Rxc8  Kf7
43. e4  a4  44. Ra8
Kg7  45. Ke3  Kg6
46. Kd4  Bc2  47. Ra6
Kg7  48. Rc6  Bb1
49. Rc1  Ba2  50. e5
Be6  51. Rc6  Kf7
52. Ra6  1-0

[Event "tht Extraliga 16/17,Lysa nad Labem A-Unichess"]
[Site "Brno"]
[Date "2017.04.02"]
[Round "11.2"]
[White "Cernousek, Lukas"]
[Black "Najer, Evgeniy"]
[WhiteElo "2462"]
[BlackElo "2679"]
[Result "0-1"]

1. d4  Nf6  2. c4  e6
3. g3  c5  4. d5
exd5  5. cxd5  d6
6. Nc3  g6  7. Bg2
Bg7  8. Nf3  O-O
9. O-O  Re8  10. Bf4
h6  11. Qc1  Kh7
12. Re1  Nh5  13. Bd2
Nd7  14. e4  Ne5
15. Nxe5  Rxe5  16. h3
Re7  17. a4  b6
18. Nb5  Rb8  19. g4  Nf6
20. Nxd6  Qxd6  21. e5
Rxe5  22. Rxe5  Nxg4
23. hxg4  Bxe5  24. Bxh6
Bxg4  25. Qg5  Re8
26. Qxg4  Kxh6  27. Ra3
Bxb2  28. Rh3+  Kg7
29. Qh4  Bd4  30. Be4
Kf8  31. Rf3  Kg8
32. Rh3  Bg7  0-1

[Event "tht Extraliga 16/17,Lysa nad Labem A-Unichess"]
[Site "Brno"]
[Date "2017.04.02"]
[Round "11.3"]
[White "Stocek, Jiri"]
[Black "Bernasek, Jan"]
[WhiteElo "2560"]
[BlackElo "2507"]
[Result "1-0"]

1. d4  d5  2. c4  c6
3. Nc3  Nf6  4. Nf3
a6  5. a4  e6
6. Bg5  a5  7. e3  Be7
8. Be2  b6  9. O-O
Na6  10. Ne5  Nb4
11. Na2  Bb7  12. Nxb4
axb4  13. cxd5  exd5
14. a5  Rxa5  15. Rxa5
bxa5  16. Qa4  Qa8
17. Rc1  O-O  18. Bxf6
Bxf6  19. Nd7  Rd8
20. Nxf6+  gxf6  21. Rc5
Qa7  22. Rxa5  Qb6
23. Bd3  Kg7  24. h3
Rc8  25. Rc5  Ra8
26. Qd1  Bc8  27. Rc1
Bd7  28. Qf3  Qb8
29. e4  Qd6  30. exd5
cxd5  31. Re1  Be6
32. Bf5  Bxf5  33. Qxf5
Kh8  34. g3  Qc6
35. Kg2  Kg7  36. Re7
Kf8  37. Re3  Kg7
38. Qg4+  Kh8  39. Re7
Rf8  40. Qd7  Qxd7
41. Rxd7  Rc8  42. Rxf7
Rc4  43. Rxf6  Rxd4
44. Rb6  Kg7  45. Kf1
Re4  46. Rb5  Rd4
47. Ke2  Kf6  48. Rb6+
Ke5  49. f4+  Ke4
50. Re6+  Kf5  51. Re5+
Kf6  52. b3  h6
53. Re3  h5  54. Rd3  Re4+
55. Kf3  h4  56. g4
Re1  57. g5+  1-0

[Event "tht Extraliga 16/17,Lysa nad Labem A-Unichess"]
[Site "Brno"]
[Date "2017.04.02"]
[Round "11.5"]
[White "Krejci, Jan"]
[Black "Vavra, Pavel"]
[WhiteElo "2520"]
[BlackElo "2390"]
[Result "1-0"]

1. d4  e6  2. c4  f5
3. g3  Nf6  4. Bg2
c6  5. Nh3  d5
6. O-O  Bd6  7. Qc2  O-O
8. Bf4  Nh5  9. Bxd6
Qxd6  10. Nd2  Bd7
11. e3  Be8  12. Rfe1
Nd7  13. b4  a5
14. bxa5  Rxa5  15. c5  Qc7
16. f4  Bf7  17. Reb1
Nhf6  18. Rb4  Ra3
19. Qb2  Qa5  20. Rxb7
Rxe3  21. a4  Bh5
22. Bf1  Be2  23. Nf2
Qa6  24. Re1  Ng4
25. Nxg4  fxg4  26. Kf2
e5  27. Rxe2  exf4
28. Rxe3  fxe3+  29. Kxe3
Qa8  30. Kd3  Qe8
31. Kc2  Rf2  32. Bd3
Nf8  33. Rb8  Qh5
34. a5  Qxh2  35. Qc3
Kf7  36. Rb7+  Kf6
37. a6  Ne6  38. a7
1-0

[Event "tht Extraliga 16/17,Lysa nad Labem A-Unichess"]
[Site "Brno"]
[Date "2017.04.02"]
[Round "11.6"]
[White "Simek, Petr"]
[Black "Oral, Tomas"]
[WhiteElo "2393"]
[BlackElo "2508"]
[Result "0-1"]

1. d4  Nf6  2. c4  e6
3. g3  c5  4. d5
exd5  5. cxd5  b5
6. e4  Nxe4  7. Bg2
Qa5+  8. Nd2  Nd6
9. Ngf3  Be7  10. O-O
O-O  11. Nb3  Qb6
12. Re1  Bf6  13. Ne5
Na6  14. Bf4  c4
15. Nd4  Nc5  16. Ng4
Bxd4  17. Qxd4  Nf5
18. Qd2  d6  19. Be4
Bd7  20. Bc2  Rae8
21. Nh6+  Nxh6  22. Bxh6
gxh6  23. Qxh6  f5
24. Qg5+  Kh8  25. Rxe8
Bxe8  26. Qe7  Kg8
0-1

[Event "tht Extraliga 16/17,Lysa nad Labem A-Unichess"]
[Site "Brno"]
[Date "2017.04.02"]
[Round "11.7"]
[White "Jansa, Vlastimil"]
[Black "Pokorny, Petr"]
[WhiteElo "2446"]
[BlackElo "2173"]
[Result "1-0"]

1. e4  e5  2. Nf3  Nf6
3. Nxe5  d6  4. Nf3
Nxe4  5. Bd3  Nf6
6. O-O  Be7  7. h3
O-O  8. c3  Re8
9. Bc2  b6  10. d4  Ba6
11. Re1  Bf8  12. Bg5
Rxe1+  13. Qxe1  Qe7
14. Bxf6  Qxe1+  15. Nxe1
gxf6  16. Nd2  d5
17. Nef3  Nc6  18. Re1
Ne7  19. Nh2  Ng6
20. Ng4  Kg7  21. Nf1
Bxf1  22. Kxf1  c6
23. g3  Bd6  24. h4
h6  25. Kg2  Ne7
26. Kf3  f5  27. Ne3
Kf6  28. Ng2  Ng6
29. b3  Rd8  30. Ne3
Ne7  31. Bd3  Bc7
32. g4  Rg8  33. Bxf5
Nxf5  34. Nxf5  h5
35. Ne3  Kg6  36. Rg1
Kh7  37. Rg2  Rg6
38. gxh5  Rf6+  39. Ke2
Rf4  40. Rg4  Kh6
41. Rxf4  Bxf4  42. Kf3
1-0

[Event "tht Extraliga 16/17,Lysa nad Labem A-Unichess"]
[Site "Brno"]
[Date "2017.04.02"]
[Round "11.8"]
[White "Kovarova, Oxana"]
[Black "Rogozenco, Dorian"]
[WhiteElo "1746"]
[BlackElo "2480"]
[Result "0-1"]

1. e4  c5  2. Nc3  Nc6
3. Bc4  e6  4. f4
a6  5. a4  Nf6
6. d3  d5  7. Ba2  dxe4
8. Nxe4  Nxe4  9. dxe4
Qxd1+  10. Kxd1  b5
11. Ne2  Bb7  12. Bb1
O-O-O+  13. Bd2  Na5
14. Kc1  Nc4  15. Rd1
Bxe4  16. axb5  axb5
17. Nc3  Bxg2  18. Nxb5
Be7  19. Ba2  Nxd2
20. Rxd2  Bb7  21. Bc4
Kb8  22. Bf1  g5
23. Ra7  Rxd2  24. Kxd2
Rd8+  0-1

[Event "tht Extraliga 16/17,Lysa nad Labem B-Novy Bor"]
[Site "Brno"]
[Date "2017.04.02"]
[Round "11.1"]
[White "Danin, Alexandr"]
[Black "Navara, David"]
[WhiteElo "2564"]
[BlackElo "2732"]
[Result "1/2-1/2"]

1. e4  c5  2. Nf3  Nf6
3. Nc3  a6  4. d4
cxd4  5. Nxd4  e6
6. Be2  Be7  7. O-O
d6  8. f4  O-O
9. Be3  Qc7  10. Bf3  Nc6
11. Nxc6  bxc6  12. Na4
Bb7  13. c4  c5
14. Qc2  Nd7  15. Nc3  Nb8
16. Kh1  Nc6  17. Qf2
Rac8  18. b3  Bf6
19. e5  dxe5  20. Ne4
Be7  21. Bxc5  exf4
22. Rad1  Ba8  23. Bxe7
Nxe7  24. Nd6  Rcd8
25. Bxa8  Rxd6  26. Rxd6
Qxd6  27. Bb7  e5
28. c5  Qc7  29. Bxa6
Nd5  30. Rc1  e4
31. Qd4  Nf6  32. Qd6
Qa5  33. Bf1  f3
34. c6  Ng4  35. Qxf8+
Kxf8  36. c7  Nf2+
37. Kg1  Nh3+  38. Kh1
Nf2+  39. Kg1  Nh3+
1/2-1/2

[Event "tht Extraliga 16/17,Lysa nad Labem B-Novy Bor"]
[Site "Brno"]
[Date "2017.04.02"]
[Round "11.2"]
[White "Vitiugov, Nikita"]
[Black "Nguyen, Thai"]
[WhiteElo "2729"]
[BlackElo "2441"]
[Result "1-0"]

1. d4  Nf6  2. c4  e6
3. Nf3  b6  4. g3
Ba6  5. Nbd2  Bb4
6. Qa4  c5  7. dxc5
Bxc5  8. Bg2  Bb7
9. O-O  O-O  10. b4
Be7  11. Bb2  d6
12. Rac1  Qc7  13. Rfd1
Nbd7  14. a3  Rac8
15. h3  Rfd8  16. Nf1
Qb8  17. Ne3  d5
18. cxd5  Nxd5  19. Rxc8
Qxc8  20. Rc1  Qb8
21. Nxd5  Bxd5  22. Nd4
Bxg2  23. Kxg2  Ne5
24. f4  Qb7+  25. Kf2
Ng6  26. Qc6  Qxc6
27. Nxc6  Rd7  28. Bd4
Bf6  29. Bxf6  gxf6
30. Nb8  Rd8  31. Na6
Rd2  32. Rc8+  Kg7
33. Nc7  Ne7  34. Ra8
Ra2  35. Rxa7  Kf8
36. Ra8+  Kg7  37. Ne8+
Kg6  38. Nd6  f5
39. Ra7  Nc6  40. Rb7
Nd4  41. Nxf7  Nxe2
42. Ne5+  Kh6  43. Ke3
Nxg3  44. Nc4  Rh2
45. Rxb6  Rxh3  46. Rxe6+
Kh5  47. Kd4  Kg4
48. b5  Rh1  49. b6
Rd1+  50. Kc5  h5
51. Ne3+  1-0

[Event "tht Extraliga 16/17,Lysa nad Labem B-Novy Bor"]
[Site "Brno"]
[Date "2017.04.02"]
[Round "11.3"]
[White "Londyn, Radek"]
[Black "Laznicka, Viktor"]
[WhiteElo "2425"]
[BlackElo "2670"]
[Result "0-1"]

1. d4 d5 2. Nf3 Nf6 3. Nbd2 Bf5 4. Nh4 Bd7 5. e3 c5 6. Nhf3 Nc6 7. a3 b6 8. b3
cxd4 9. exd4 g6 10. Bb2 Bg7 11. Bd3 O-O 12. O-O Bf5 13. Ne5 Rc8 14. Ndf3 Bxd3 15.
cxd3 Nb8 16. a4 Ne8 17. Re1 f6 18. Ng4 Qd7 19. Ne3 Nc6 20. Rc1 Nc7 21. Ba3 Ne6
22. Nc2 Rfe8 23. g3 Kf7 24. Kg2 a6 25. Bb2 Rc7 26. Ne3 Rb8 27. h4 b5 28. Ba1 h5
29. Re2 bxa4 30. bxa4 Rcb7 31. Bc3 Bh6 32. Ra2 Rb3 33. Nd2 R3b6 34. Nf3 Kg7 35.
Raa1 Kf7 36. Ra2 Kg8 37. Raa1 R8b7 38. Ra2 Qd6 39. Raa1 Kf7 40. Ra2 Rb8 41. Raa1
Rb3 42. Ra2 Ng7 43. Bd2 Rxd3 44. Qc2 Rxd2 45. Qxd2 Nb4 46. Raa1 Qe6 47. Qc3 Nf5
48. Qc7 Nxe3+ 49. fxe3 Re8 50. Rc3 Qe4 51. Qb6 Nc2 52. Ra2 Ne1+ 0-1

[Event "tht Extraliga 16/17,Lysa nad Labem B-Novy Bor"]
[Site "Brno"]
[Date "2017.04.02"]
[Round "11.4"]
[White "Sasikiran, Krishnan"]
[Black "Cerveny, Martin"]
[WhiteElo "2668"]
[BlackElo "2374"]
[Result "1-0"]

1. Nf3  Nf6  2. g3  g6
3. Bg2  Bg7  4. O-O
O-O  5. d4  d6
6. c4  Nc6  7. Nc3  e5
8. d5  Ne7  9. e4
Ne8  10. Ne1  f5
11. f4  exf4  12. Bxf4
h6  13. Nc2  fxe4
14. Qd2  Nf5  15. Bxe4
Nf6  16. Bxf5  Bxf5
17. Nd4  Ng4  18. Ne6
Bxe6  19. dxe6  Bxc3
20. bxc3  Qe7  21. h3
Ne5  22. Bxe5  dxe5
23. Qd5  Rxf1+  24. Rxf1
Re8  25. Rf7  Qd6
26. Qxd6  cxd6  27. Rxb7
Rc8  28. c5  dxc5
29. Rxa7  Kf8  30. a4
Rc6  31. e7+  Kf7
32. a5  Rd6  33. a6
Rd1+  34. Kf2  Ra1
35. Ra8  1-0

[Event "tht Extraliga 16/17,Lysa nad Labem B-Novy Bor"]
[Site "Brno"]
[Date "2017.04.02"]
[Round "11.5"]
[White "Worek, Joanna"]
[Black "Hracek, Zbynek"]
[WhiteElo "2330"]
[BlackElo "2610"]
[Result "0-1"]

1. d4 Nf6 2. c4 e6 3. Nc3 Bb4 4. Bg5 h6 5. Bh4 c5 6. e3 Nc6 7. dxc5 Bxc3+ 8. bxc3
Qa5 9. Bxf6 gxf6 10. Rb1 Qxc5 11. Rb5 Qa3 12. Qd2 b6 13. Nf3 Ba6 14. Rh5 Rc8 15.
Be2 Na5 16. O-O Bxc4 17. Bxc4 Nxc4 18. Qd4 Ke7 19. e4 Qd6 20. h3 e5 21. Qd1 Qxd1
22. Rxd1 Nd6 23. Nh2 Nxe4 24. Ng4 Nxc3 25. Rd2 Ne4 26. Re2 d5 27. Kh2 Ke6 28. Ne3
Nd6 29. f4 Rc5 30. Ng4 e4 31. Nxh6 d4 32. f5+ Ke7 33. Rh4 d3 0-1

[Event "tht Extraliga 16/17,Lysa nad Labem B-Novy Bor"]
[Site "Brno"]
[Date "2017.04.02"]
[Round "11.6"]
[White "Markos, Jan"]
[Black "Petenyi, Tamas"]
[WhiteElo "2561"]
[BlackElo "2443"]
[Result "1/2-1/2"]

1. d4  Nf6  2. c4  g6
3. Nc3  Bg7  4. e4
d6  5. Nf3  O-O
6. Be2  Na6  7. O-O  c5
8. d5  Nc7  9. Bf4
Bg4  10. Qd2  Nd7
11. Bh6  Bxf3  12. Bxf3
Bxh6  13. Qxh6  e5
14. Rae1  Rb8  15. Re3
Qe7  16. Be2  a6
17. a4  f6  18. Rg3
Rf7  19. Ra1  Rg7
20. Ra3  Ne8  21. Nd1
Nf8  22. Ne3  Kh8
23. h4  Rg8  24. Nf1
Qg7  25. Qd2  Qe7
26. h5  f5  27. hxg6
Nxg6  28. exf5  Nf4
29. Rxg8+  Kxg8  30. g3
Nh3+  31. Kg2  Ng5
32. Re3  Qg7  33. b4
Nf6  34. Qb2  cxb4
35. Qxb4  Nfe4  36. Qb6
Qh6  37. Bg4  Rf8
38. Qb1  Nf6  39. Qd1
Nge4  40. Rb3  Kh8
41. Rxb7  Rg8  42. Bf3
Ng5  43. Ne3  Qh3+
44. Kg1  Nge4  45. Bg2
Qh6  46. Qe2  Nc5
47. Rb6  Nfd7  48. Rb4
Qg5  49. Bf3  e4
50. Bg2  h5  51. Qb2+
Kh7  52. Qd4  h4
53. Bxe4  Nf6  54. Bg2
hxg3  55. f4  Qh6
56. Rb6  Nfd7  57. Rb1
Nf6  58. Rb6  Nfd7
59. Rb1  Nf6  1/2-1/2

[Event "tht Extraliga 16/17,Lysa nad Labem B-Novy Bor"]
[Site "Brno"]
[Date "2017.04.02"]
[Round "11.7"]
[White "Bednar, Marcel"]
[Black "Babula, Vlastimil"]
[WhiteElo "2245"]
[BlackElo "2559"]
[Result "0-1"]

1. d4 Nf6 2. c4 e6 3. Nc3 Bb4 4. e3 O-O 5. Nge2 d5 6. a3 Bd6 7. c5 Be7 8. b4 b6
9. Nf4 c6 10. Nd3 Nbd7 11. f4 a5 12. Bd2 Ba6 13. Be2 Bc4 14. O-O Qc7 15. Ne5 axb4
16. axb4 Rxa1 17. Qxa1 Bxe2 18. Nxe2 Nxe5 19. fxe5 Ne4 20. Qa2 bxc5 21. bxc5 Bg5
22. Ra1 f6 23. Nf4 Qf7 24. exf6 Qxf6 25. Rf1 e5 26. dxe5 Qxe5 27. Nd3 Rxf1+ 28.
Kxf1 Qxh2 29. Qa8+ Kf7 30. Qb7+ Be7 31. Be1 Qh1+ 0-1

[Event "tht Extraliga 16/17,Lysa nad Labem B-Novy Bor"]
[Site "Brno"]
[Date "2017.04.02"]
[Round "11.8"]
[White "Kriebel, Tadeas"]
[Black "Kolar, Pavel"]
[WhiteElo "2462"]
[BlackElo "2190"]
[Result "1-0"]

1. e4  e6  2. d4  d5
3. Nc3  Nf6  4. e5
Nfd7  5. f4  c5
6. Nf3  Nc6  7. Be3  a6
8. Qd2  b5  9. dxc5
Bxc5  10. Bd3  d4
11. Nxd4  Nxd4  12. Ne4
Qh4+  13. Bf2  Nxc2+
14. Bxc2  Bxf2+  15. Qxf2
Qxf2+  16. Kxf2  Ke7
17. Rhd1  Bb7  18. Nd6
Bd5  19. Bb3  Nb6
20. Rac1  Bxb3  21. axb3
Nd5  22. Rxd5  exd5
23. Rc7+  Ke6  24. Nxf7
Rhf8  25. Ng5+  Kf5
26. Kf3  Rac8  27. g4+
Kg6  28. Rd7  Rxf4+
29. Kxf4  Rf8+  30. Kg3
Kxg5  31. Rxg7+  Kh6
32. Rd7  Rc8  33. e6
Rc2  34. Kf4  Kg6
35. Ke5  Rxh2  36. Kd6
d4  37. e7  Re2
38. Kc7  1-0